000 02573cam a22005534i 4500
003 PE-LiUPU
005 20250731180128.0
008 150625s r 000 0 d
035 _a(Sirsi) a34260
040 _aPE-LiUPU
_bspa
_cPE-LiUPU
_erda
082 0 4 _a516
_bG69
_221
100 1 _aGoñi Galarza, Juan,
_eautor.
245 1 0 _aGeometria Plana y del Espacio /
_cJuan Goñi Galarza.
264 1 _aLima :
_bIngenieria E.I.R.L,
_c
300 _a398 páginas :
_bilustraciones ;
_c20.5 cm.
336 _atext
_2rdacontent
337 _aunmediated
_2rdamedia
338 _avolume
_2rdacarrier
505 0 _aLineas. -Angulos. -Triángulos. -Igualdad de triángulos. -Polígonos. -Cuadriláteros. -Circunferenciay círculo. -Proporcionalidad de segmentos. -Semejanza de triángulos. -Relaciones métricas en los triángulos. -Potencia-eje radical-división armónica. -Poligonos regulares convexos. -Areas. -Geometría del espacio. -Posiciones relativas de rectas y planos en el espacio. -Angulos-diedrosy triedros. -Poliedros. -Prisma. -Pirámide. -Cilindro. -El cono. -La Esfera.
526 _aSEG44
526 _aSEG26
526 _aP159
526 _aP155
526 _aP154
526 _aP153
526 _aP150
526 _aP100
526 _aP31
526 _aP30
526 _aP26
526 _aP25
526 _aP24
526 _aP22
526 _aP15
526 _aP10
650 0 4 _aGeometría plana.
910 _a
942 _2ddc
_cBOOK
949 _a516 G69
_wDEWEY
_c1
_i24429
_lCCODEBUL1
_mBUL
_p00.00
_r0
_sY
_tBOOK
_u2015-06-25
_xBIBLIOTECA
_zUNKNOWN
_0COMPRA
_o.STAFF. Colección General
949 _a516 G69
_wDEWEY
_c2
_i24428
_lCCODEBUL1
_mBUL
_p00.00
_r0
_sY
_tBOOK
_u2015-06-25
_xBIBLIOTECA
_zUNKNOWN
_0COMPRA
_o.STAFF. Colección General
949 _a516 G69
_wDEWEY
_c3
_i23685
_lCCODEBUL1
_mBUL
_p00.00
_r0
_sY
_tBOOK
_u2015-06-25
_xBIBLIOTECA
_zUNKNOWN
_0COMPRA
_o.STAFF. Colección General
596 _a1
999 _a516 G69
_wDEWEY
_c42098
_i24429
_d42098
_e2018-6-3
_f2021-11-5
_g7
_lCCODEBUL1
_mBUL
_n6
_q3
_r0
_sY
_tBOOK
_u2015-6-25
_xBIBLIOTECA
_zUNKNOWN
_0COMPRA
_o.STAFF. Colección General
999 _a516 G69
_wDEWEY
_c2
_i24428
_d2019-10-23
_e2016-11-4
_f2019-12-11
_g6
_lDISCARD
_mBUL
_n4
_q2
_r0
_sY
_tBOOK
_u2015-6-25
_xINGENIERIA
_zUNKNOWN
_0COMPRA
_o.STAFF. Colección General
999 _a516 G69
_wDEWEY
_c3
_i23685
_d2016-11-3
_e2016-11-3
_f2019-12-11
_g6
_lDISCARD
_mBUL
_n2
_r1
_sY
_tBOOK
_u2015-6-25
_xINGENIERIA
_zUNKNOWN
_0COMPRA
_o.STAFF. Colección General
980 _81
_gALBERTO SANCHEZ Responsable de Automatización